| 000 | 00403nam a2200181Ia 4500 | ||
|---|---|---|---|
| 005 | 20251020182548.0 | ||
| 008 | 200515s9999 xx 000 0 und d | ||
| 082 | _a82.6(85)/E78 | ||
| 100 | _aESCAJADILLO, Tomás | ||
| 245 | 0 | _aLa narrativa de López Albújar | |
| 260 | _aLima | ||
| 260 | _c1972 | ||
| 300 | _a328 | ||
| 650 | _aLIB | ||
| 650 | _aLITERATURA | ||
| 650 | _aNARRATIVA | ||
| 942 | _cLIB | ||
| 999 |
_c2618 _d2618 |
||